Cities And Towns In Austria - Statistics

General Stats
  • This quiz has been taken 19 times
  • The average score is 21 of 57
Answer Stats
State City/Town % Correct
Oberosterreich Linz
94%
Salzburg Salzburg
94%
Vienna Vienna
94%
Tirol Innsbruck
89%
Steiermark Graz
83%
Karnten Klagenfurt
83%
Karnten Villach
78%
Vorarlberg Bregenz
67%
Oberosterreich Wels
67%
Vorarlberg Feldkirch
61%
Vorarlberg Dornbirn
56%
Burgenland Eisenstadt
56%
Oberosterreich Gmunden
56%
Niederosterreich Sankt Polten
56%
Oberosterreich Steyr
56%
Niederosterreich Wiener Neustadt
56%
Tirol Kufstein
50%
Salzburg Hallein
44%
Tirol Kitzbuhel
44%
Niederosterreich Krems
44%
Steiermark Leoben
44%
Tirol Lienz
44%
Niederosterreich Baden
39%
Oberosterreich Braunau
39%
Steiermark Bruck
39%
Niederosterreich Melk
39%
Niederosterreich Modling
39%
Oberosterreich Ried
39%
Niederosterreich Schwechat
39%
Oberosterreich Traun
39%
Oberosterreich Vocklabruck
39%
Salzburg Zell Am See
39%
Niederosterreich Amstetten
33%
Vorarlberg Bludenz
33%
Karnten Spittal
33%
Niederosterreich Klosterneuburg
28%
Oberosterreich Enns
22%
Oberosterreich Freistadt
22%
Steiermark Kapfenburg
22%
Karnten Sankt Veit
22%
Oberosterreich Bad Ischl
17%
Vorarlberg Lustenau
17%
Steiermark Murzzuschlag
17%
Salzburg Sankt Johann
17%
Salzburg Badgastein
11%
Steiermark Mariazell
11%
Salzburg Saalfelden
11%
Niederosterreich Stockerau
11%
Steiermark Eisenerz
6%
Steiermark Koflach
6%
Steiermark Bad Aussee
0%
Oberosterreich Ebensee
0%
Steiermark Fohsndorf
0%
Niederosterreich Mayerling
0%
Oberosterreich Sankt Wolfgang
0%
Vorarlberg Schruns
0%
Tirol Solbad Hall
0%
No matching quizzes found
Score Distribution
Percent of People with Each Score
Percentile by Number Answered
Your Score History
You have not taken this quiz